Democratic governance in Latin America: eleven lessons from recent experience /
El capítulo tiene como fin presentar once conclusiones acerca de la gobernanza democrática en la América Latina contemporánea. Teniendo en cuenta que no todos los autores que se presentan muestran unanimidad acerca de algunas características que definen la forma de gobernar en la región después de t...
Uloženo v:
| Hlavní autor: | |
|---|---|
| Další autoři: | |
| Médium: | Text |
| Jazyk: | Spanish |
| Témata: | |
| Tagy: |
Přidat tag
Žádné tagy, Buďte první, kdo vytvoří štítek k tomuto záznamu!
|
MARC
| LEADER | 00000 a a2200000 04500 | ||
|---|---|---|---|
| 001 | 42413 | ||
| 003 | cru IIS | ||
| 005 | 20230822114549.0 | ||
| 008 | 221102b |||||||| |||| 00| 0 spa d | ||
| 040 | |c CRAI IIS | ||
| 100 | |a Mainwaring, Scott | ||
| 245 | |a Democratic governance in Latin America: |b eleven lessons from recent experience / |c Scott Mainwaring ; Timothy R. Scully | ||
| 520 | |a El capítulo tiene como fin presentar once conclusiones acerca de la gobernanza democrática en la América Latina contemporánea. Teniendo en cuenta que no todos los autores que se presentan muestran unanimidad acerca de algunas características que definen la forma de gobernar en la región después de tres décadas de la tercera ola de democratización. Al mismo tiempo pero se toman en cuenta algunos debates críticos sin resolver acerca de estas once conclusiones. FGO 02/11/2022 | ||
| 650 | 0 | |2 TESAURO UNESCO |9 83 |a DEMOCRACIA | |
| 650 | 0 | |2 TESAURO UNESCO |9 243 |a ESTADO | |
| 650 | 7 | |2 TESAURO UNESCO |9 9317 |a COMPORTAMIENTO ECONOMICO | |
| 650 | 4 | |2 TESAURO UNESCO |9 3253 |a POLITICA GUBERNAMENTAL | |
| 650 | 4 | |2 TESAURO UNESCO |9 3253 |a POLITICA GUBERNAMENTAL | |
| 650 | 4 | |2 TESAURO UNESCO |9 1940 |a ESTABILIDAD POLITICA | |
| 650 | 4 | |2 TESAURO UNESCO |9 2655 |a POLITICA ECONOMICA | |
| 651 | 0 | |2 TESAURO UNESCO |9 17 |a AMERICA LATINA | |
| 700 | |a Scully, Timothy R. | ||
| 773 | |g páginas 365-397 : tablas | ||
| 942 | |2 ddc |c LI | ||
| 999 | |c 29887 |d 29887 | ||
| 773 | 0 | |0 994 |9 290 |a Mainwaring, Scott |d California : Stanford University Press 2010 |o 11472 |t Democratic governance in Latin America / |w (cru CIDCACS/IIS)42405 |z 9780804760850 | |



